000
00228nam a2200097Ia 4500
001
644376
005
20250826153603.0
008
250824s9999 xx 000 0 und d
245
0
_a
MAVİ ZAMANLAR
_c
MAVİSEL YENER
260
_b
TUDEM
999
_c
644376
_d
644376